| 000 | 00618nam a2200205Ia 4500 | ||
|---|---|---|---|
| 005 | 20260415173416.0 | ||
| 008 | 008 250505s9999 xx 000 0 eng d | ||
| 020 | _a978-1-4725-9107-4 | ||
| 037 | _aTheses | ||
| 040 |
_aFEDL _beng _cFEDL |
||
| 041 |
_aeng _2eng |
||
| 084 |
_a507 MIS/TH _qFEDL |
||
| 100 |
_aMishra Bhawana _9782349 |
||
| 245 | 0 | _aExploring learning processes in the context of particulate nature of matter among students | |
| 260 | _c2024 | ||
| 300 | _a209p. | ||
| 546 | _aPh.D.Thesis (Delhi University) | ||
| 942 |
_cTH _h507 MIS/TH |
||
| 999 |
_c1400135 _d1400135 |
||